000 00579nam a2200193Ia 4500
005 20260114185557.0
008 008 260114s9999 xx 000 0 eng d
020 _a9781350112469
037 _aEBOOK
040 _aCRL
_beng
_cCRL
041 _aeng
_2eng
084 _qCRL
100 _aRebecca Friedman
_9871785
245 0 _aModernity, Domesticity and Temporality in Russia Time at Home
260 _bBloomsbury
_c2020
856 _uhttps://doi.org/10.5040/9781350112469?locatt=label:secondary_bloomsburyCollections
942 _cEBOOK
999 _c1470733
_d1470733